Stations of Keio Electric Railway, Tokyo, Japan - Statistics

General Stats
  • This quiz has been taken 151 times
    137 since last reset
  • The average score is 42 of 74
Answer Stats
Line Station No. Station % Correct
Keio Line/Keio New LIne KO 01 Shinjuku
93%
Inokashira Line IN 01 Shibuya
91%
IN 17 Kichijoji
86%
KO 18 Chofu
84%
Sagamihara Line KO 18 Chofu
84%
KO 06 Meidaimae
83%
IN 08 Meidaimae
83%
Keio Line/Keio New LIne KO 04 Sasazuka
83%
KO 34 Keio Hachioji
80%
KO 52 Takao
80%
KO 24 Fuchu
79%
KO 41 Keio Tama Centre
79%
IN 05 Shimo Kitazawa
77%
KO 53 Takaosanguchi
76%
KO 45 Hashimoto
73%
Keio New Line KO 02 Hatsudai
73%
KO 33 Kitano
69%
Takao Line KO 33 Kitano
69%
KO 12 Chitose Karasuyama
67%
KO 25 Bubaigawara
64%
KO 23 Higashi Fuchu
64%
Keibajo Line KO 23 Higashi Fuchu
64%
KO 08 Sakurajosui
64%
IN 16 Inokashira Koen
63%
KO 07 Shimo Takaido
63%
Keio Line KO 05 Daitabashi
61%
Keio New Line KO 03 Hatagaya
61%
KO 29 Takahatafudo
61%
Dobutsuen Line KO 29 Takahatafudo
61%
KO 27 Seiseki Sakuragaoka
60%
KO 35 Keio Tamagawa
59%
KO 19 Nishi Chofu
59%
KO 13 Sengawa
59%
IN 02 Shinsen
59%
KO 38 Inagi
57%
KO 09 Kami Kitazawa
57%
KO 40 Keio Nagayama
57%
KO 17 Fuda
56%
KO 16 Kokuryo
54%
IN 03 Komaba Todaimae
53%
KO 47 Tama Dobutsukoen
53%
KO 39 Wakabadai
53%
KO 37 Keio Yomiuri Land
51%
KO 20 Tobitakyu
51%
KO 10 Hachimanyama
50%
IN 09 Eifukucho
49%
KO 36 Keio Inadazutsumi
49%
KO 43 Minami Osawa
49%
KO 11 Roka Koen
49%
KO 14 Tsutsujigaoka
49%
KO 22 Tama Reien
47%
KO 50 Mejirodai
46%
KO 46 Fuchu Keiba Seimon Mae
44%
KO 42 Keio Horinouchi
44%
KO 26 Nakagawara
44%
KO 44 Tamasakai
44%
IN 14 Kugayama
43%
IN 10 Nishi Eifuku
43%
KO 15 Shibasaki
43%
IN 13 Fujimigaoka
41%
IN 07 Higashi Matsubara
41%
IN 04 Ikenoue
41%
KO 49 Yamada
41%
KO 48 Keio Katakura
40%
IN 15 Mitakadai
40%
KO 28 Mogusaen
39%
IN 12 Takaido
39%
IN 06 Shindaita
37%
KO 31 Hirayamajoshi Koen
36%
IN 11 Hamadayama
34%
KO 51 Hazama
34%
KO 30 Minamidaira
34%
KO 21 Musashinodai
34%
KO 32 Naganuma
34%
No matching quizzes found
Score Distribution
Percent of People with Each Score
Percentile by Number Answered
Your Score History
You have not taken this quiz since the last reset